00876nam a2200253Ia 450000500170000000800410001702000250005804000190008304100120010208200130011424500620012726000620018930000270025150400190027863000200029765000120031765100200032970000170034985000100036694200070037699900160038395201120039995201110051120230116114518.0131103s9999 xx 000 0 und d a812031125 6cRs. 395 aLoreto College aEnglish a954bCHO 2aA new advanced history of IndiacP.N. Chopra ... [et.al.] aNew DelhibPrentice - Hall of India Private Limitedc1996 aiv, 674 p.b ill.,maps aIncludes index aIndia - History aHistory aAdvance History aChopra, P.N. aLCLIB cBK c2919d53398 00102ddc4070aMAINbMAINd2013-11-04l9o954 CHO 39097pB19024r2022-03-04s2022-02-23w2013-11-04yBKf 00102ddc4070aMAINbMAINd2013-11-04l3o954 CHO 39081pB2781r2017-03-06s2017-03-06w2013-11-04yBKf